000 00747pam a2200253 a 4500
001 2049559
005 20180308041134.0
008 930112s1993 ctua b 001 0 eng c
010 _a 93006569
020 _a0838596347
040 _aDNLM/DLC
_cDLC
_dDLC
041 _aeng
060 _aWQ 100 W7283 1993
080 _a618.2
082 0 0 _a618.2 CUN
_220
100 _a10
101 _aGJIN
245 0 0 _aWilliams obstetrics.
504 _aIncludes bibliographical references and index.
740 0 _aObstetrics.
906 _a7
_bcbc
_corignew
_d1
_eocip
_f19
_gy-gencatlg
942 _2ddc
_cBK
999 _c44409
_d44409